000 01526cam a22004097a 4500
003 CHAP
005 20220329141837.0
008 971203d1997 mx b r 00110 spa d
010 _a74689
011 _a75661
035 _a85227
040 _cCHAP
090 _aTesis
100 0 0 _aPatiño Almanza, María Elena.
_986172
245 1 0 _aOportunidades de exportación de flores exóticas (orquídeas, anturios y aves de paraíso) a los principales mercados internacionales
_c/por María Elena Patiño Almanza
260 _aChapingo, Méx. :
_bEl autor,
_c1997.
300 _a174 h. :
_bmapas ; gráfs.
502 _aTesis (M. C. en Economía del Desarrollo Rural) -- UACH. Departamento de Economía Agrícola
590 _aALEPH
_b10
_c20130110
_lUCH01
_h1421
590 _aBATCH-UPD
_b10
_c20130110
_lUCH01
_h0155
590 _aBATCH-UPD
_b10
_c20130110
_lUCH01
_h1004
590 _aBATCH-UPD
_b10
_c20130409
_lUCH01
_h2158
590 _aBATCH-UPD
_b10
_c20130410
_lUCH01
_h0754
590 _aBATCH-UPD
_b10
_c20130914
_lUCH01
_h1417
590 _aCONVERSION
_b10
_c20130109
_lUCH01
_h1341
650 1 4 _aAnturio.
_96152
650 1 4 _aFlores
_xExportación.
_941378
650 1 4 _aFlores
_xMercadeo.
_941388
650 1 4 _aOrquidáceas.
_983723
650 1 4 _aStrelitzia.
_9109984
901 _aBK
905 _aLilia Sánchez G.
942 _cFOLL
949 _bBC
_cTES
_d33724000636262
_eTS2
_fc.2
_h31355
_i85227
_si
949 _bBC
_cTES
_d33724000636270
_eTS2
_fc.3
_h31356
_i85227
_si
949 _bBC
_cTES
_d852271
_eTS1
_h31354
_i85227
_sb
999 _c74689
_d74689